Use of highly sensitive Hall sensors in magnetometers; Молодежь и современные информационные технологии; Т. 1
| Parent link: | Молодежь и современные информационные технологии: сборник трудов XII Всероссийской научно-практической конференции студентов, аспирантов и молодых ученых, г. Томск, 12-14 ноября 2014 г./ Национальный исследовательский Томский политехнический университет (ТПУ), Институт кибернетики (ИК) ; ред. кол. Е. А. Сикора [и др.].— , 2014 Т. 1.— 2014.— [С. 317-318] |
|---|---|
| Auteur principal: | |
| Collectivité auteur: | |
| Autres auteurs: | , , |
| Résumé: | Заглавие с титульного экрана |
| Langue: | anglais |
| Publié: |
2014
|
| Collection: | Интеллектуальные и виртуальные системы |
| Sujets: | |
| Accès en ligne: | http://earchive.tpu.ru/handle/11683/20146 http://www.lib.tpu.ru/fulltext/c/2014/C04/V1/150.pdf |
| Format: | MixedMaterials Électronique Chapitre de livre |
| KOHA link: | https://koha.lib.tpu.ru/cgi-bin/koha/opac-detail.pl?biblionumber=610663 |
MARC
| LEADER | 00000naa2a2200000 4500 | ||
|---|---|---|---|
| 001 | 610663 | ||
| 005 | 20231101132623.0 | ||
| 035 | |a (RuTPU)RU\TPU\conf\8296 | ||
| 035 | |a RU\TPU\conf\8295 | ||
| 090 | |a 610663 | ||
| 100 | |a 20150202d2014 k y0rusy50 ba | ||
| 101 | 0 | |a eng | |
| 102 | |a RU | ||
| 105 | |a y z 101zy | ||
| 135 | |a drcn ---uucaa | ||
| 181 | 0 | |a i | |
| 182 | 0 | |a b | |
| 200 | 1 | |a Use of highly sensitive Hall sensors in magnetometers |f E. A. Fedorov, I. I. Buluev |g sci. adv. O. V. Stukach, S. V. Rybushkina | |
| 203 | |a Текст |c электронный | ||
| 225 | 1 | |a Интеллектуальные и виртуальные системы | |
| 230 | |a 1 компьютерный файл (pdf; 239 Kb) | ||
| 300 | |a Заглавие с титульного экрана | ||
| 320 | |a [Библиогр.: с. 318 (5 назв.)] | ||
| 337 | |a Adobe Reader | ||
| 461 | 1 | |0 (RuTPU)RU\TPU\conf\7802 |t Молодежь и современные информационные технологии |o сборник трудов XII Всероссийской научно-практической конференции студентов, аспирантов и молодых ученых, г. Томск, 12-14 ноября 2014 г. |o в 2 т. |f Национальный исследовательский Томский политехнический университет (ТПУ), Институт кибернетики (ИК) ; ред. кол. Е. А. Сикора [и др.] |d 2014 | |
| 463 | 0 | |0 (RuTPU)RU\TPU\conf\7790 |t Т. 1 |v [С. 317-318] |d 2014 | |
| 610 | 1 | |a труды учёных ТПУ | |
| 610 | 1 | |a электронный ресурс | |
| 610 | 1 | |a высокочувствительные датчики | |
| 610 | 1 | |a датчики Холла | |
| 610 | 1 | |a магнитометры | |
| 610 | 1 | |a магнитные поля | |
| 610 | 1 | |a магнитные свойства | |
| 700 | 1 | |a Fedorov |b E. A. | |
| 701 | 1 | |a Buluev |b I. I. | |
| 702 | 1 | |a Stukach |b O. V. |c specialist in the field of informatics and computer technology |c Professor of Tomsk Polytechnic University, Doctor of technical sciences |f 1966- |g Oleg Vladimirovich |2 stltpush |4 727 | |
| 702 | 1 | |a Rybushkina |b S. V. |c linguist |c Leading expert of Tomsk Polytechnic University, Lecturer |f 1978- |g Svetlana Vladimirovna |2 stltpush |4 727 | |
| 712 | 0 | 2 | |a Национальный исследовательский Томский политехнический университет (ТПУ) |b Институт кибернетики (ИК) |b Кафедра интегрированных компьютерных систем управления (ИКСУ) |h 131 |2 stltpush |3 (RuTPU)RU\TPU\col\18701 |
| 801 | 2 | |a RU |b 63413507 |c 20210319 |g RCR | |
| 856 | 4 | |u http://earchive.tpu.ru/handle/11683/20146 | |
| 856 | 4 | |u http://www.lib.tpu.ru/fulltext/c/2014/C04/V1/150.pdf | |
| 942 | |c BK | ||